[Event "Tres Cantos op 9th"]
[Site "Tres Cantos"]
[Date "2017.06.25"]
[Round "4"]
[White "Ortiz Buzarra, Daniel"]
[Black "Garcia Lopez, Fernando"]
[Result "0-1"]
[WhiteElo "1113"]
[BlackElo "1573"]
[PlyCount "52"]
[EventDate "2017.06.22"]
[EventType "swiss"]
[EventRounds "9"]
[EventCountry "ESP"]
[SourceTitle "EXT 2019"]
[Source "ChessBase"]
[SourceDate "2018.10.10"]
[SourceVersion "1"]
[SourceVersionDate "2018.10.10"]
[SourceQuality "1"]

1. b3 e5 2. Bb2 Nc6 3. e3 g6 4. Bb5 Bg7 5. Nf3 d6 6. d4 exd4 7. Nxd4 Bxd4 8. Bxd4 f6 9. Bb2 Bd7 10. Bc4 Qe7 11. 0-0 0-0-0 12. a4 Ne5 13. Be2 Nh6 14. Bxe5 dxe5 15. Qc1 e4 16. Nd2 f5 17. a5 a6 18. Qb2 Nf7 19. b4 Qe5 20. Qb3 Be6 21. Bc4 Rhe8 22. Bxe6+ Qxe6 23. Qxe6+ Rxe6 24. Rad1 Red6 25. Nc4 Rxd1 26. Rxd1 Rxd1# 0-1